000
00314nam a22001337a 4500
999
_c
534278
_d
534278
020
_a
9789693517330
040
_c
MSOHAIL
082
_a
910.4
100
_a
Mustansar Hussain Tarar
_9
9703
245
_a
Ratti Galli / رتی گلی
260
_a
Lahore
_b
Sang-e-Meel
_c
c2007
300
_a
256;pxv
942
_2
ddc
_c
BK